<?xml version="1.0" encoding="UTF-8"?><marc:collection xmlns:marc="http://www.loc.gov/MARC21/slim">
  <marc:record>
    <marc:leader>03356nas a2200589 c 4500</marc:leader>
    <marc:controlfield tag="001">010004033</marc:controlfield>
    <marc:controlfield tag="003">DE-101</marc:controlfield>
    <marc:controlfield tag="005">20251028051839.0</marc:controlfield>
    <marc:controlfield tag="007">tu</marc:controlfield>
    <marc:controlfield tag="008">991118d19101968gw z||p|  ||| 0||||1ger c</marc:controlfield>
    <marc:datafield tag="016" ind1="7" ind2=" ">
      <marc:subfield code="2">DE-600</marc:subfield>
      <marc:subfield code="a">488-1</marc:subfield>
    </marc:datafield>
    <marc:datafield tag="016" ind1="7" ind2=" ">
      <marc:subfield code="2">DE-101</marc:subfield>
      <marc:subfield code="a">010004033</marc:subfield>
    </marc:datafield>
    <marc:datafield tag="022" ind1=" " ind2=" ">
      <marc:subfield code="a">0365-267X</marc:subfield>
    </marc:datafield>
    <marc:datafield tag="022" ind1=" " ind2=" ">
      <marc:subfield code="a">0365-267X</marc:subfield>
      <marc:subfield code="2">6</marc:subfield>
    </marc:datafield>
    <marc:datafield tag="030" ind1=" " ind2=" ">
      <marc:subfield code="a">AGPPA</marc:subfield>
    </marc:datafield>
    <marc:datafield tag="030" ind1=" " ind2=" ">
      <marc:subfield code="a">PAGPA</marc:subfield>
    </marc:datafield>
    <marc:datafield tag="035" ind1=" " ind2=" ">
      <marc:subfield code="a">(DE-599)ZDB488-1</marc:subfield>
    </marc:datafield>
    <marc:datafield tag="035" ind1=" " ind2=" ">
      <marc:subfield code="a">(OCoLC)1367304687</marc:subfield>
    </marc:datafield>
    <marc:datafield tag="040" ind1=" " ind2=" ">
      <marc:subfield code="a">9001</marc:subfield>
      <marc:subfield code="b">ger</marc:subfield>
      <marc:subfield code="c">DE-101</marc:subfield>
      <marc:subfield code="d">9001</marc:subfield>
    </marc:datafield>
    <marc:datafield tag="041" ind1=" " ind2=" ">
      <marc:subfield code="a">ger</marc:subfield>
    </marc:datafield>
    <marc:datafield tag="042" ind1=" " ind2=" ">
      <marc:subfield code="a">zdb</marc:subfield>
    </marc:datafield>
    <marc:datafield tag="044" ind1=" " ind2=" ">
      <marc:subfield code="c">XA-DE</marc:subfield>
    </marc:datafield>
    <marc:datafield tag="082" ind1="7" ind2="4">
      <marc:subfield code="a">610</marc:subfield>
      <marc:subfield code="a">590</marc:subfield>
      <marc:subfield code="q">DE-600</marc:subfield>
      <marc:subfield code="2">22sdnb</marc:subfield>
    </marc:datafield>
    <marc:datafield tag="084" ind1=" " ind2=" ">
      <marc:subfield code="a">CL 1000</marc:subfield>
      <marc:subfield code="a">WA 15000</marc:subfield>
      <marc:subfield code="2">rvk</marc:subfield>
    </marc:datafield>
    <marc:datafield tag="210" ind1="0" ind2="0">
      <marc:subfield code="a">Pfluegers Arch. Gesamte Physiol. Menschen Tiere</marc:subfield>
    </marc:datafield>
    <marc:datafield tag="222" ind1=" " ind2="0">
      <marc:subfield code="a">Pflügers Archiv für die gesamte Physiologie des Menschen und der Tiere</marc:subfield>
    </marc:datafield>
    <marc:datafield tag="245" ind1="0" ind2="0">
      <marc:subfield code="a">Pflüger's Archiv für die gesamte Physiologie des Menschen und der Tiere</marc:subfield>
    </marc:datafield>
    <marc:datafield tag="246" ind1="3" ind2=" ">
      <marc:subfield code="a">Eduard Friedrich Wilhelm Pflügers Archiv für die gesamte Physiologie des Menschen und der Tiere</marc:subfield>
    </marc:datafield>
    <marc:datafield tag="246" ind1="3" ind2=" ">
      <marc:subfield code="a">Archiv für die gesamte Physiologie des Menschen und der Tiere. 1910-1968</marc:subfield>
    </marc:datafield>
    <marc:datafield tag="264" ind1="3" ind2="1">
      <marc:subfield code="a">Berlin</marc:subfield>
      <marc:subfield code="a">Göttingen</marc:subfield>
      <marc:subfield code="a">Heidelberg</marc:subfield>
      <marc:subfield code="b">Springer</marc:subfield>
      <marc:subfield code="c">1910-1968</marc:subfield>
    </marc:datafield>
    <marc:datafield tag="264" ind1="2" ind2="1">
      <marc:subfield code="3">1910-1918</marc:subfield>
      <marc:subfield code="a">Bonn</marc:subfield>
      <marc:subfield code="b">Hager</marc:subfield>
    </marc:datafield>
    <marc:datafield tag="336" ind1=" " ind2=" ">
      <marc:subfield code="a">Text</marc:subfield>
      <marc:subfield code="b">txt</marc:subfield>
      <marc:subfield code="2">rdacontent</marc:subfield>
    </marc:datafield>
    <marc:datafield tag="337" ind1=" " ind2=" ">
      <marc:subfield code="a">ohne Hilfsmittel zu benutzen</marc:subfield>
      <marc:subfield code="b">n</marc:subfield>
      <marc:subfield code="2">rdamedia</marc:subfield>
    </marc:datafield>
    <marc:datafield tag="338" ind1=" " ind2=" ">
      <marc:subfield code="a">Band</marc:subfield>
      <marc:subfield code="b">nc</marc:subfield>
      <marc:subfield code="2">rdacarrier</marc:subfield>
    </marc:datafield>
    <marc:datafield tag="362" ind1="0" ind2=" ">
      <marc:subfield code="a">132.1910 - 248.1944; 249.1947/48 - 301.1968</marc:subfield>
    </marc:datafield>
    <marc:datafield tag="363" ind1="0" ind2="0">
      <marc:subfield code="8">1.1\x</marc:subfield>
      <marc:subfield code="a">132</marc:subfield>
      <marc:subfield code="i">1910</marc:subfield>
    </marc:datafield>
    <marc:datafield tag="363" ind1="1" ind2="0">
      <marc:subfield code="8">1.2\x</marc:subfield>
      <marc:subfield code="a">248</marc:subfield>
      <marc:subfield code="i">1944</marc:subfield>
    </marc:datafield>
    <marc:datafield tag="363" ind1="0" ind2="0">
      <marc:subfield code="8">2.1\x</marc:subfield>
      <marc:subfield code="a">249</marc:subfield>
      <marc:subfield code="i">1947/48</marc:subfield>
    </marc:datafield>
    <marc:datafield tag="363" ind1="1" ind2="0">
      <marc:subfield code="8">2.2\x</marc:subfield>
      <marc:subfield code="a">301</marc:subfield>
      <marc:subfield code="i">1968</marc:subfield>
    </marc:datafield>
    <marc:datafield tag="583" ind1="1" ind2=" ">
      <marc:subfield code="a">Archivierung/Langzeitarchivierung gewährleistet</marc:subfield>
      <marc:subfield code="c">2020</marc:subfield>
      <marc:subfield code="f">PENW</marc:subfield>
      <marc:subfield code="5">DE-5</marc:subfield>
      <marc:subfield code="2">pdager</marc:subfield>
    </marc:datafield>
    <marc:datafield tag="583" ind1="1" ind2=" ">
      <marc:subfield code="3">132.1910 - 242.1939; 244.1941 - 248.1944 mit Indices</marc:subfield>
      <marc:subfield code="a">Massenentsäuert</marc:subfield>
      <marc:subfield code="c">2018</marc:subfield>
      <marc:subfield code="5">DE-15</marc:subfield>
      <marc:subfield code="2">pdager</marc:subfield>
    </marc:datafield>
    <marc:datafield tag="591" ind1=" " ind2=" ">
      <marc:subfield code="a">F/CFC</marc:subfield>
    </marc:datafield>
    <marc:datafield tag="655" ind1=" " ind2="7">
      <marc:subfield code="0">(DE-588)4067488-5</marc:subfield>
      <marc:subfield code="0">https://d-nb.info/gnd/4067488-5</marc:subfield>
      <marc:subfield code="0">(DE-101)040674886</marc:subfield>
      <marc:subfield code="a">Zeitschrift</marc:subfield>
      <marc:subfield code="2">gnd-content</marc:subfield>
    </marc:datafield>
    <marc:datafield tag="776" ind1="0" ind2="8">
      <marc:subfield code="i">Erscheint auch als</marc:subfield>
      <marc:subfield code="n">Online-Ausgabe</marc:subfield>
      <marc:subfield code="t">Pflügers Archiv</marc:subfield>
      <marc:subfield code="d">Berlin ; Heidelberg : Springer, 1868-</marc:subfield>
      <marc:subfield code="h">Online-Ressource</marc:subfield>
      <marc:subfield code="x">1432-2013</marc:subfield>
      <marc:subfield code="w">(DE-600)1463014-X</marc:subfield>
      <marc:subfield code="w">(DE-101)019563337</marc:subfield>
    </marc:datafield>
    <marc:datafield tag="776" ind1="0" ind2="8">
      <marc:subfield code="i">Reproduziert als</marc:subfield>
      <marc:subfield code="t">Pflüger's Archiv für die gesamte Physiologie des Menschen und der Tiere</marc:subfield>
      <marc:subfield code="d">Berlin ; Göttingen ; Heidelberg : Springer, 1942-1944</marc:subfield>
      <marc:subfield code="h">Mikrofilmrollen</marc:subfield>
      <marc:subfield code="w">(DE-600)3210395-5</marc:subfield>
      <marc:subfield code="w">(DE-101)1360569456</marc:subfield>
    </marc:datafield>
    <marc:datafield tag="780" ind1="0" ind2="0">
      <marc:subfield code="i">Vorg.:</marc:subfield>
      <marc:subfield code="t">Archiv für die gesamte Physiologie des Menschen und der Thiere</marc:subfield>
      <marc:subfield code="d">Bonn : Hager, 1868-1910</marc:subfield>
      <marc:subfield code="w">(DE-600)505391-2</marc:subfield>
      <marc:subfield code="w">(DE-101)012651192</marc:subfield>
    </marc:datafield>
    <marc:datafield tag="780" ind1="0" ind2="5">
      <marc:subfield code="i">Darin aufgegangen</marc:subfield>
      <marc:subfield code="t">Archiv für Anatomie und Physiologie / Physiologische Abteilung</marc:subfield>
      <marc:subfield code="d">Berlin : Vereinigung Wissenschaftl. Verl., 1877-1919</marc:subfield>
      <marc:subfield code="x">0365-5806</marc:subfield>
      <marc:subfield code="w">(DE-600)505389-4</marc:subfield>
      <marc:subfield code="w">(DE-101)012651184</marc:subfield>
    </marc:datafield>
    <marc:datafield tag="780" ind1="0" ind2="5">
      <marc:subfield code="i">Darin aufgegangen</marc:subfield>
      <marc:subfield code="t">Zentralblatt für Physiologie</marc:subfield>
      <marc:subfield code="d">Leipzig ; Wien : Deuticke, 1888-1920</marc:subfield>
      <marc:subfield code="x">0372-8536</marc:subfield>
      <marc:subfield code="w">(DE-600)505392-4</marc:subfield>
      <marc:subfield code="w">(DE-101)012651206</marc:subfield>
    </marc:datafield>
    <marc:datafield tag="785" ind1="0" ind2="0">
      <marc:subfield code="i">Forts.:</marc:subfield>
      <marc:subfield code="t">Pflügers Archiv</marc:subfield>
      <marc:subfield code="d">Berlin : Springer, 1968-</marc:subfield>
      <marc:subfield code="x">0031-6768</marc:subfield>
      <marc:subfield code="w">(DE-600)6380-0</marc:subfield>
      <marc:subfield code="w">(DE-101)010085955</marc:subfield>
    </marc:datafield>
    <marc:datafield tag="787" ind1="0" ind2="8">
      <marc:subfield code="i">266,1=23; 268,1=24; 270,1=25; 272,1=26; 274,1=27; 278,1=28 von</marc:subfield>
      <marc:subfield code="a">Deutsche Physiologische Gesellschaft</marc:subfield>
      <marc:subfield code="t">Bericht über die ... Tagung der Deutschen Physiologischen Gesellschaft</marc:subfield>
      <marc:subfield code="d">Berlin ; Göttingen ; Heidelberg : Springer, 1904-1963</marc:subfield>
      <marc:subfield code="w">(DE-600)146965-4</marc:subfield>
      <marc:subfield code="w">(DE-101)010869905</marc:subfield>
    </marc:datafield>
    <marc:datafield tag="787" ind1="0" ind2="8">
      <marc:subfield code="i">281,1=29 von</marc:subfield>
      <marc:subfield code="a">Deutsche Physiologische Gesellschaft</marc:subfield>
      <marc:subfield code="t">Vorträge der ... Tagung (Herbsttagung) der Deutschen Physiologischen Gesellschaft</marc:subfield>
      <marc:subfield code="d">Berlin ; Heidelberg [u.a.] : Springer, 1964-1970</marc:subfield>
      <marc:subfield code="w">(DE-600)975108-7</marc:subfield>
      <marc:subfield code="w">(DE-101)015155803</marc:subfield>
    </marc:datafield>
    <marc:datafield tag="850" ind1=" " ind2=" ">
      <marc:subfield code="a">DE-101a</marc:subfield>
      <marc:subfield code="a">DE-101b</marc:subfield>
    </marc:datafield>
  </marc:record>
</marc:collection>
